书目信息 |
| 题名: |
废旧家电回收对策研究
|
|
| 作者: | 王浩东 , 尚兰福 著 | |
| 分册: | ||
| 出版信息: | 北京 中国环境科学出版社 2006.07 |
|
| 页数: | 140页 | |
| 开本: | 26cm | |
| 丛书名: | 固体废物治理技术丛书 | |
| 单 册: | ||
| 中图分类: | X76 | |
| 科图分类: | ||
| 主题词: | 日用电气器具--ri yong dian qi qi ju--废物回收--研究 | |
| 电子资源: | ||
| ISBN: | 7-80209-301-5 | |
| 000 | 01121nam 2200277 450 | |
| 001 | 012006915067 | |
| 005 | 20071015112347.24 | |
| 010 | @a7-80209-301-5@dCNY20.00 | |
| 100 | @a20061027d2006 km y0chiy0120 ea | |
| 101 | 0 | @achi |
| 102 | @aCN@b110000 | |
| 105 | @ay z 000yy | |
| 200 | 1 | @a废旧家电回收对策研究@Afei jiu jia dian hui shou dui ce yan jiu@f王浩东, 尚兰福著@Fwang hao dong,shang lan fu zhu |
| 210 | @a北京@c中国环境科学出版社@d2006.07 | |
| 215 | @a140页@d26cm | |
| 225 | 2 | @a固体废物治理技术丛书@Agu ti fei wu zhi li ji shu cong shu |
| 225 | 2 | @a环境工程治理系列图书@Ahuan jing gong cheng zhi li xi lie tu shu |
| 330 | @a本书是《环境工程系列图书》之《固体废物治理技术丛书》中的一本。 随着20世纪80年代中后期开始大量涌入家庭的家用电器陆续进入报废期,我国废旧家电的回收处理已成为十分紧迫的现实问题。 | |
| 410 | 0 | @12001 @a固体废物治理技术丛书 |
| 410 | 0 | @12001 @a环境工程治理系列图书 |
| 606 | 0 | @a日用电气器具@Ari yong dian qi qi ju@x废物回收@x研究 |
| 690 | @aX76@v4 | |
| 701 | 0 | @a王浩东@Awang hao dong@4著 |
| 701 | 0 | @a尚兰福@Ashang lan fu@4著 |
| 801 | 0 | @aCN@c20071015 |
| 905 | @dX76@eW200 | |
| 废旧家电回收对策研究/王浩东, 尚兰福著.-北京:中国环境科学出版社,2006.07 |
| 140页;26cm.-(固体废物治理技术丛书).-(环境工程治理系列图书) |
| ISBN 7-80209-301-5:CNY20.00 |
| 本书是《环境工程系列图书》之《固体废物治理技术丛书》中的一本。 随着20世纪80年代中后期开始大量涌入家庭的家用电器陆续进入报废期,我国废旧家电的回收处理已成为十分紧迫的现实问题。 |
| ● |
| 相关链接 |
|
|
|
正题名:废旧家电回收对策研究
索取号:X76/W200
 
预约/预借
| 序号 | 登录号 | 条形码 | 馆藏地/架位号 | 状态 | 备注 |
| 1 | 223644 | 202236446 | 自科库501/501自科库 109排2列4层/ [索取号:X76/W200] | 在馆 | |
| 2 | 223645 | 202236455 | 期刊室512/501自科库 109排2列4层/ [索取号:X76/W200] | 在馆 | |
| 3 | 223646 | 202236464 | 自科库501/501自科库 109排2列4层/ [索取号:X76/W200] | 在馆 | |
| 4 | 651223 | 206512237 | 期刊室512/501自科库 109排2列4层/ [索取号:X76/W200] | 在馆 | |
| 5 | 651224 | 206512246 | 期刊室512/501自科库 109排2列4层/ [索取号:X76/W200] | 在馆 | |
| 6 | 651225 | 206512255 | 期刊室512/501自科库 109排2列4层/ [索取号:X76/W200] | 在馆 |